000
00312nam a22001337a 4500
008
171003b xxu||||| |||| 00| 0 eng d
020
_a
9780072986228
041
_a
eng
080
_2
7TH
_a
159.9
100
_a
48
101
_a
PSI
245
_a
RESEARCH METHODS IN PSYCHOLOGY
_c
SHAUGHNESSY,J,J
942
_2
udc
_c
BK
999
_c
31366
_d
31366